MyGZULibrary

Auditing and assurance services : (Record no. 7693)

MARC details
000 -LEADER
fixed length control field 01029cam a22003014a 4500
001 - CONTROL NUMBER
control field 12591520
003 - CONTROL NUMBER IDENTIFIER
control field GZU
005 - DATE AND TIME OF LATEST TRANSACTION
control field 20210512094158.0
008 - FIXED-LENGTH DATA ELEMENTS--GENERAL INFORMATION
fixed length control field 011116s2003 njua 001 0 eng
010 ## - LIBRARY OF CONGRESS CONTROL NUMBER
LC control number 2001058084
020 ## - INTERNATIONAL STANDARD BOOK NUMBER
International Standard Book Number 0130646202
040 ## - CATALOGING SOURCE
Original cataloging agency DLC
Transcribing agency DLC
Modifying agency DLC
042 ## - AUTHENTICATION CODE
Authentication code pcc
050 00 - LIBRARY OF CONGRESS CALL NUMBER
Classification number HF5667
Item number .A69 2003
082 00 - DEWEY DECIMAL CLASSIFICATION NUMBER
Classification number 657/.45
Edition number 21
100 1# - MAIN ENTRY--PERSONAL NAME
Personal name Arens, Alvin A.
245 10 - TITLE STATEMENT
Title Auditing and assurance services :
Remainder of title an integrated approach /
Statement of responsibility, etc. Alvin A. Arens, Randal J. Elder, Mark S. Beasley ; with web content provided by Gregory J. Jenkins.
250 ## - EDITION STATEMENT
Edition statement 9th ed.
260 ## - PUBLICATION, DISTRIBUTION, ETC.
Place of publication, distribution, etc. Upper Saddle River, N.J. :
Name of publisher, distributor, etc. Prentice Hall,
Date of publication, distribution, etc. c2003.
300 ## - PHYSICAL DESCRIPTION
Extent xx, 765 p. :
Other physical details ill. ;
Dimensions 29 cm.
500 ## - GENERAL NOTE
General note Includes index.
650 #0 - SUBJECT ADDED ENTRY--TOPICAL TERM
Topical term or geographic name entry element Auditing.
700 1# - ADDED ENTRY--PERSONAL NAME
Personal name Elder, Randal J.
700 1# - ADDED ENTRY--PERSONAL NAME
Personal name Beasley, Mark S.
906 ## - LOCAL DATA ELEMENT F, LDF (RLIN)
a 7
b cbc
c orignew
d 1
e ocip
f 20
g y-gencatlg
942 ## - ADDED ENTRY ELEMENTS (KOHA)
Source of classification or shelving scheme Library of Congress Classification
Koha item type Books
Edition 9th
Classification part 5667
Item part ARE
Call number prefix HF
Call number suffix 2003
Holdings
Withdrawn status Lost status Damaged status Not for loan Collection code Home library Current library Shelving location Date acquired Total Checkouts Full call number Barcode Date last seen Copy number Price effective from Koha item type
        Non-fiction Mashava Campus Library Mashava Campus Library General Stacks 05/12/2021   HF 5667 ARE 2003 B015212 05/12/2021 c.1 05/12/2021 Books